Alexander and the wind-up mouse / (Record no. 163)

MARC details
000 -LEADER
fixed length control field 01124nam a22003257a 4500
001 - CONTROL NUMBER
control field 163
003 - CONTROL NUMBER IDENTIFIER
control field FISKH
005 - DATE AND TIME OF LATEST TRANSACTION
control field 20250827091002.0
008 - FIXED-LENGTH DATA ELEMENTS--GENERAL INFORMATION
fixed length control field 230301b cb ||||| |||| 00| 0 eng d
020 ## - INTERNATIONAL STANDARD BOOK NUMBER
International Standard Book Number 9780590430128
040 ## - CATALOGING SOURCE
Original cataloging agency DLC
Language of cataloging eng
Transcribing agency DLC
Description conventions rda
Modifying agency FISKH
050 00 - LIBRARY OF CONGRESS CALL NUMBER
Classification number PZ7.L6634
Item number Aj 2017
082 00 - DEWEY DECIMAL CLASSIFICATION NUMBER
Classification number 823.9
Edition number 23
100 1# - MAIN ENTRY--PERSONAL NAME
Personal name Lionni, Leo,
Dates associated with a name 1910-1999,
Relator term author,
-- illustrator.
245 10 - TITLE STATEMENT
Title Alexander and the wind-up mouse /
Statement of responsibility, etc. by Leo Lionni.
264 #1 - PRODUCTION, PUBLICATION, DISTRIBUTION, MANUFACTURE, AND COPYRIGHT NOTICE
Place of production, publication, distribution, manufacture New York
Name of producer, publisher, distributor, manufacturer Scholastic
Date of production, publication, distribution, manufacture, or copyright notice 1989
300 ## - PHYSICAL DESCRIPTION
Extent 15 leaves of plates
Other physical details illustrations
Dimensions 23 cm.
336 ## - CONTENT TYPE
Content type term text
Source rdacontent
336 ## - CONTENT TYPE
Content type term still image
Source rdacontent
337 ## - MEDIA TYPE
Media type term unmediated
Source rdamedia
338 ## - CARRIER TYPE
Carrier type term volume
Source rdacarrier
500 ## - GENERAL NOTE
General note "Originally published in hardcover in the United States by Pantheon Books, New York, in 1969."
505 ## - FORMATTED CONTENTS NOTE
Formatted contents note N<br/>
520 ## - SUMMARY, ETC.
Summary, etc. Alexander, a real mouse, wants to be a toy mouse like his friend Willy until he discovers Willy is to be thrown away.
521 8# - TARGET AUDIENCE NOTE
Target audience note 560<br/><br/>
Source Lexile<br/>
521 8# - TARGET AUDIENCE NOTE
Target audience note N<br/>
Source Raz-Plus<br/>
650 #1 - SUBJECT ADDED ENTRY--TOPICAL TERM
Topical term or geographic name entry element Mice
Form subdivision Fiction.
906 ## - LOCAL DATA ELEMENT F, LDF (RLIN)
a 7
b cbc
c origcop
d 2
e ncip
f 20
g y-gencatlg
942 ## - ADDED ENTRY ELEMENTS (KOHA)
Source of classification or shelving scheme Dewey Decimal Classification
Koha item type Books
Suppress in OPAC No
Holdings
Withdrawn status Lost status Source of classification or shelving scheme Damaged status Not for loan Collection Home library Current library Shelving location Date acquired Total Checkouts Full call number Barcode Date last seen Date last checked out Price effective from Koha item type Copy number
    Dewey Decimal Classification     Juvenile Fiction Footprints International School Library Network Toul Kork Campus Footprints International School Library Network Toul Kork Campus TK Primary Library Room(4th Floor), Bookcase 3&4, Shelves 17-32, Yellow Books 03/01/2023 3 LIO 823.9 PZ7.L6634 FISBK05291 12/03/2024 08/23/2024 03/01/2023 Books  
    Dewey Decimal Classification     Juvenile Fiction Footprints International School Library Network Toul Kork Campus Footprints International School Library Network Toul Kork Campus TK Primary Library Room(4th Floor), Bookcase 3&4, Shelves 17-32, Yellow Books 10/28/2024   LIO 823.9 PZ7.L6634 FISTK02074 10/28/2024   10/28/2024 Books 2
    Dewey Decimal Classification     Juvenile Fiction Footprints International School Library Network Toul Tom Poung Campus Footprints International School Library Network Toul Tom Poung Campus TTP Primary Yellow Bookshelves 08/27/2025   LIO 823.9 PZ7.L6634 FIS02135 08/27/2025   08/27/2025 Books 3